| 000 | 00771nam a2200229 u 4500 | ||
|---|---|---|---|
| 005 | 20240418063731.0 | ||
| 008 | 130225s2005 r 000 0 eng d | ||
| 020 | _a9788496336662 (13 dígitos) | ||
| 020 | _a8496336662 (10 dígitos) | ||
| 035 | _aUPN01000189847 | ||
| 049 | _aI | ||
| 050 | 4 |
_aPQ6653 O4.3 _bG5.7 |
|
| 100 | 1 |
_aCole, Mar, _d1950- _933648 |
|
| 245 | 1 | 4 |
_aLos girshas y la invisible isla de Alcira / _cMar Cole ; il. José Luis Alcover Lillo. |
| 260 |
_aBarcelona, Esp. : _bPlaneta & Oxford, _c2005. |
||
| 300 |
_a311 p. : _bil. |
||
| 440 | 0 |
_aCamaleón. _pAzul ; _v10. A partir de 12 años |
|
| 650 | 0 |
_aLiteratura juvenil española _912359 |
|
| 650 | 0 |
_aAventuras y aventureros _vLiteratura juvenil _911236 |
|
| 905 | _aInfantil | ||
| 999 |
_c161950 _d161950 |
||